000 00401nam a2200169Ia 4500
001 12610
005 20260306162954.0
008 260306t9999||||xx |||||||||||||| ||spa||
041 _aESP
082 _aHR 348
_bSET 2025 SL
110 _aGaceta Jurídica
245 0 _aSoluciones laborales, Setiembre 2025 N° 213
300 _a
_c
650 _aGEN
654 _aCDE
942 _cREV
_dJUS
_fJUS
_2ddc
_n
999 _c12610
_d12610